000 00906nam a2200277Ia 4500
001 Para_8043
003 CHAP
008 220125s1930 xx 000 0 und d
010 _a205934
040 _cCHAP
082 _aPA-C 595.75 H4
100 _aHarding, Leone
_9172072
245 _aThe biology of opsius stactogalus fieber (Homoptera, cicadellidae) /
_c by Leone Harding
300 _a7-22 p.
440 _aHemiptera; 12
_9172048
500 _aSobretiro de: Journal Kansas Entomoloical Society 3 (1): 7-22, 1930 Encuadernado con otros impresos similares
650 _aHemípteros
_x colecciones de escritos Cicadelidos
_9172073
710 _aJournal Kansas Entomological Society 3 (1)
_9172074
901 _aPA-C 595.75 H4
902 _aA
905 _a0000001930 a 0000000000 00
910 _a1930
942 _cPARA
942 _cPARA
_d1
999 _c205934
_d205934